Second largest city (North America) - Statistics

General Stats
  • This quiz has been taken 11 times
  • The average score is 6 of 16
Answer Stats
Hint Answer % Correct
USA Los Angeles
100%
Canada Montreal
100%
Mexico Guadalajara
73%
Nicaragua León
45%
Cuba Santiago de Cuba
36%
Dominican Republic Santiago de los Caballeros
36%
Bahamas Freeport
27%
Honduras San Pedro Sula
27%
Jamaica Spanish Town
27%
Trinidad and Tobago San Fernando
18%
Belize San Ignacio
18%
Panama San Miguelito
18%
Haiti Delmas 73
9%
Costa Rica Heredia
9%
El Salvador Santa Ana
9%
Guatemala Villa Nueva
9%
No matching quizzes found
Score Distribution
Percent of People with Each Score
Percentile by Number Answered
Your Score History
You have not taken this quiz